Score 0/9 Timer 02:00
0 Plays Today
Tails Name % Correct
Nine-TailsKurama
96%
One-TailsShukaku
93.5%
Four-TailsSon Goku
92.2%
Two-TailsMatatabi
89.2%
Three-TailsIsobu
83.7%
Eight-TailsGyuki
83.4%
Seven-TailsChomei
81.4%
Six-TailsSaiken
80.7%
Five-TailsKokuo
78.4%
Remove Ads.
Support Sporcle.
Get the best of Sporcle when you Go Orange. This ad-free experience offers more features, more stats, and more fun while also helping to support Sporcle. Thank you for becoming a member.

You're not logged in!

Compare scores with friends on all Sporcle quizzes.
OR
Log In

Show Comments

Extras

Created Oct 23, 2013SourceReportNominate
Tags:beast, naruto, tail

Top Quizzes Today


Score Distribution

Your Account Isn't Verified!

In order to create a playlist on Sporcle, you need to verify the email address you used during registration. Go to your Sporcle Settings to finish the process.

Report this User

Report this user for behavior that violates our Community Guidelines.

Details: